000 01192 a2200301 4500
003 OSt
005 20180116192356.0
008 120612t xxu||||| |||| 00| 0 eng d
010 _a 2009015962
020 _a9780300150476 (alk. paper)
020 _a0300150474 (alk. paper)
035 _a(OCoLC)ocn317471793
040 _c0
082 _a746.092
100 1 _aSerizawa, Keisuke,
_94434
245 1 0 _aSerizawa :
_bmaster of Japanese textile design /
_cedited by Joe Earle ; with contributions by Kim Brandt ... [et al.].
260 _aNew York :
_bJapan Society ;
_aNew Haven :
_bYale University Press,
_cc2009.
300 _aix, 134 p. :
_bcol. ill. ;
_c24 x 26 cm.
500 _aPublished to accompany an exhibition held at the Japan Society Gallery, New York, Oct. 9, 2009-Jan. 17, 2010.
600 1 0 _aSerizawa, Keisuke,
_d1895-1984
_94435
650 1 0 _aKatazome
_94436
650 1 0 _aTextile design
_zJapan
_y20th century.
_94437
700 1 _aEarle, Joe.
_94438
700 1 _aBrandt, Kim.
_94439
710 2 _aJapan Society (New York, N.Y.).
_bGallery.
_94440
942 _aSADA
_cBK
_k746.092 SER 2009
_2ddc
999 _c353121
_d353121